Mushrooms of Meghalaya/ (Record no. 190465)
[ view plain ]
| 000 -LEADER | |
|---|---|
| fixed length control field | 00592nam a22002057a 4500 |
| 005 - DATE AND TIME OF LATEST TRANSACTION | |
| control field | 20220726130229.0 |
| 010 ## - LCCN (DPL NO) | |
| LC control number | ENG-133956 |
| 020 ## - INTERNATIONAL STANDARD BOOK NUMBER | |
| International Standard Book Number | 9788194352006 |
| Terms of availability | 200.00 |
| 035 ## - SYSTEM CONTROL NUMBER | |
| System control number | EN-117488 |
| 037 ## - SOURCE OF ACQUISITION | |
| Source of stock number/acquisition | DBAD/PUB |
| 082 ## - DEWEY DECIMAL CLASSIFICATION NUMBER | |
| Classification number | 954.58 |
| 100 ## - MAIN ENTRY--PERSONAL NAME | |
| Personal name | Rajesh Kumar |
| 245 ## - TITLE STATEMENT | |
| Title | Mushrooms of Meghalaya/ |
| Statement of responsibility, etc | Rajesh Kumar, N.S. Bisht and R.S.C. Jayaraj |
| 260 ## - PUBLICATION, DISTRIBUTION, ETC. (IMPRINT) | |
| Place of publication, distribution, etc | Assam |
| Name of publisher, distributor, etc | Rain Forest Research Institute |
| Date of publication, distribution, etc | 2020 |
| 270 ## - ADDRESS | |
| City | Assam |
| Address | Jorhat |
| 300 ## - PHYSICAL DESCRIPTION | |
| Extent | 184p. |
| Dimensions | 20cm(pbk) |
| Other physical details | References |
| 700 ## - ADDED ENTRY--PERSONAL NAME | |
| Personal name | Bisht, N.S. |
| 700 ## - ADDED ENTRY--PERSONAL NAME | |
| Personal name | Jayaraj, R.S.C. |
| 942 ## - ADDED ENTRY ELEMENTS (KOHA) | |
| Source of classification or shelving scheme | Dewey Decimal Classification |
| Item type | English Books |
| Classification part | 954.58 |
| Call number suffix | RAJ |
| Withdrawn status | Lost status | Not for loan | Collection code | Home library | Current library | Date acquired | Source of acquisition | Cost, normal purchase price | Full call number | Barcode | Copy number | Cost, replacement price | Koha item type |
|---|---|---|---|---|---|---|---|---|---|---|---|---|---|
| Non-fiction | Ashok Vihar | Ashok Vihar | 26/07/2022 | DBAD/PUB | 200.00 | 954.58 RAJ | EN-117488 | 1 | 200.00 | English Books |
